00285nam a2200109 a 450000500170000000800410001702000150005805000180007324500350009126000420012630000070016820140412111427.0090701s19uu xx 00 eng d a1904725341 aERb Q34 2006 aQueenie:bthe quivering quilt. aGreat Britain :bHoo Ho House,c2006. a24